La vulneracin̤ del derecho a ser juzgado en un plazo razonable

Detalles Bibliográficos
Autor principal: Guzmǹ Gm̤ez, Gabriel Gustavo
Otros Autores: Rapray H., Alex
Formato: eBook
Lenguaje:español
Publicado: Madrid: Editorial Acadm̌ica Espaǫla, 2019
Materias:
Acceso en línea:Acceso restringido

MARC

LEADER 00000nam a22000007a 4500
005 20191009215825.0
007 cr|||| ||||
008 191009s2019 es |||||s|||| 00||0 spa d
020 |a 9786139465118 
035 |a 29745 
040 |a vLex 
090 |c 9759  |d 9759 
100 1 |a Guzmǹ Gm̤ez, Gabriel Gustavo 
245 1 2 |a La vulneracin̤ del derecho a ser juzgado en un plazo razonable  |h [Recurso electrn̤ico] /  |c Gabriel Gustavo Guzmǹ Gm̤ez, Alex Rapray H. 
256 |a Servicio en ln̕ea 
260 |a Madrid:  |b Editorial Acadm̌ica Espaǫla,  |c 2019 
300 |a 1 recurso electrn̤ico 
500 |a Toda persona que se encuentra inmersa en un proceso penal necesita ser juzgado dentro de un plazo razonable; sin embargo, en la actualidad representa un reto por cumplir para nuestros Tribunales de Justicia, debido a que existen diversos factores de diversas dimensiones que ocasionan su contravencin̤; de tal forma, nos honra presentar esta investigacin̤ de grado cuya finalidad es establecer los factores objetivos y subjetivos que concurren en la vulneracin̤ del principio del plazo razonable dentro de los Juzgados Penales, ello a partir de un anl̀isis de nuestra realidad jurd̕ico - procesal. 
506 1 |a Disponible solo en los productos indicados  |d vLex Global  |d vLex Global (Academic Edition, excluding Law Schools)  |d vLex Global (U.S. Academic Edition, Law Schools)  |d vLex Global (U.S. Academic Edition, excluding Law Schools)  |d vLex Global (Academic Edition, Law Schools) 
650 0 4 |a Derecho Penal  |z Espaą 
700 1 |a Rapray H., Alex 
740 0 |a vLex Libros (Servicio en ln̕ea) 
856 4 0 |u http://vlex.com/source/29745  |z Acceso restringido 
942 |c BOOK 
999 0 |a Criminal law